|
|
|
|
| LEADER |
00803 a2200157 4500 |
| 008 |
190905b xxu||||| |||| 00| 0 eng d |
| 999 |
|
|
|c 187993
|d 187993
|
| 020 |
|
|
|a 9781781549438
|
| 084 |
|
|
|2 cc
|a B7obD:32k
|
| 100 |
|
|
|a Jang, Kyung-In
|
| 245 |
|
|
|a Encyclopaedia of composite material mechanics 3v./
|
| 260 |
|
|
|b Auris Reference Ltd.
|c 2016
|a UK
|
| 942 |
|
|
|c REF
|
| 952 |
|
|
|0 0
|1 0
|4 0
|6 B_7OBD32K_Q6_2_000000000000000
|7 0
|8 R
|9 327715
|a LIB
|b LIB
|d 2018-03-07
|e 11
|g 9170.88
|o B7obD:32k Q6.2
|p 307512
|r 2018-03-07
|v 11184.00
|y REF
|
| 952 |
|
|
|0 0
|1 0
|4 0
|6 B_7OBD32K_Q6_1_000000000000000
|7 0
|8 R
|9 327716
|a LIB
|b LIB
|d 2018-03-07
|e 11
|g 9170.88
|o B7obD:32k Q6.1
|p 307511
|r 2018-03-07
|v 11184.00
|y REF
|
| 952 |
|
|
|0 0
|1 0
|4 0
|6 B_7OBD32K_Q6_3_000000000000000
|7 0
|8 R
|9 327717
|a LIB
|b LIB
|d 2018-03-07
|e 11
|g 9170.88
|o B7obD:32k Q6.3
|p 307513
|r 2018-03-07
|v 11184.00
|y REF
|